| 000 | 00426nam a2200181Ia 4500 | ||
|---|---|---|---|
| 008 | 180921t1974 xxu||||| |||| 00| 0 sin d | ||
| 041 | _asin | ||
| 080 |
_a523.8 _bOST |
||
| 100 | _aOstin, M.D.N. | ||
| 245 | _aතාරකා | ||
| 246 | _aThaarakaa | ||
| 260 |
_bPradeepa _aColombo _c1974 |
||
| 300 | _a16p., ill., 24 cm | ||
| 650 | _aStars | ||
| 942 | _cBK | ||
| 999 |
_c14498 _d14498 |
||
| 003 | LK-CoDNM | ||
| 040 |
_aLK-CoDNM _dLK-CoDNM _eLK-CoDNM |
||